Desaparecido

Guardado en:
Bibliografiske detaljer
Hovedforfatter: Grutter, Virginia
Format: Bog
Sprog:Undetermined
Udgivet: San José, Costa Rica EUNED 1993
Udgivelse:2
Fag:
Tags: Tilføj Tag
Ingen Tags, Vær først til at tagge denne postø!

MARC

LEADER 00000nam a2200000Ia 4500
008 170316s9999 xx 000 0 und d
040 |a cru BVZT 
090 |a 868 G-21de 
100 |a Grutter, Virginia 
245 |a Desaparecido 
250 |a 2 
260 |a San José, Costa Rica 
260 |b EUNED 
260 |c 1993 
300 |a 96 páginas 
650 |a COLECCIÓN VIEJA Y NUEVA NARRATIVA COSTARRICENSE 
650 |a LITERATURA COSTARRICENSE 
650 |a NOVELA 
999 |c 11113  |d 11113 
942 |c 15 D  |h 868 G-21de  |2 z